书目信息 |
| 题名: |
激光支持爆轰波
|
|
| 作者: | 陈朗 , 鲁建英 , 伍俊英 著 | |
| 分册: | ||
| 出版信息: | 北京 国防工业出版社 2011.02 |
|
| 页数: | 212页 | |
| 开本: | 21cm | |
| 丛书名: | ||
| 单 册: | ||
| 中图分类: | O381 | |
| 科图分类: | ||
| 主题词: | 激光应用--ji guang ying yong--爆震 | |
| 电子资源: | ||
| ISBN: | 978-7-118-07195-5 | |
| 000 | 00992nam0 2200301 450 | |
| 001 | B20110034688 | |
| 005 | 20110714140322.25 | |
| 010 | @a978-7-118-07195-5@dCNY35.00 | |
| 100 | @a20110504d2011 km y0chiy50 ea | |
| 101 | 0 | @achi |
| 102 | @aCN@b110000 | |
| 105 | @aak a 000yy | |
| 106 | @ar | |
| 200 | 1 | @a激光支持爆轰波@Aji guang zhi chi bao hong bo@f陈朗, 鲁建英, 伍俊英等著 |
| 210 | @a北京@c国防工业出版社@d2011.02 | |
| 215 | @a212页@c图@d21cm | |
| 320 | @a有书目 | |
| 330 | @a本书主要从爆轰波和冲击波的角度,研究支持爆轰波及其推进性能的理论、实验技术和数值模拟计算方法,全书共8章,涉及爆轰物理、流体力学、冲击动力学、推进技术和激光应用等领域。 | |
| 333 | @a相关人员 | |
| 510 | 1 | @aLaser supported detonaiton wave@zeng |
| 586 | @a | |
| 606 | 0 | @a激光应用@Aji guang ying yong@x爆震 |
| 690 | @aO381@v5 | |
| 701 | 0 | @a陈朗@Achen lang@4著 |
| 701 | 0 | @a鲁建英@Alu jian ying@4著 |
| 701 | 0 | @a伍俊英@Awu jun ying@4著 |
| 801 | 0 | @aCN@c20110610 |
| 905 | @dO381@eC492@f3 | |
| 激光支持爆轰波/陈朗, 鲁建英, 伍俊英等著.-北京:国防工业出版社,2011.02 |
| 212页:图;21cm |
| 使用对象:相关人员 |
| ISBN 978-7-118-07195-5:CNY35.00 |
| 本书主要从爆轰波和冲击波的角度,研究支持爆轰波及其推进性能的理论、实验技术和数值模拟计算方法,全书共8章,涉及爆轰物理、流体力学、冲击动力学、推进技术和激光应用等领域。 |
| ● |
| 相关链接 |
|
|
|
正题名:激光支持爆轰波
索取号:O381/C492
 
预约/预借
| 序号 | 登录号 | 条形码 | 馆藏地/架位号 | 状态 | 备注 |
| 1 | 883542 | 208835420 | 自科库401/401自科库 83排1列1层/ [索取号:O381/C492] | 在馆 | |
| 2 | 883543 | 208835439 | 自科库401/401自科库 83排1列1层/ [索取号:O381/C492] | 在馆 | |
| 3 | 883544 | 208835448 | 自科库401/401自科库 83排1列1层/ [索取号:O381/C492] | 在馆 |